| 000 | 00440nam a2200169Ia 4500 | ||
|---|---|---|---|
| 008 | 230718s9999 xx 000 0 und d | ||
| 041 | _aeng | ||
| 082 |
_a621.381'5 _bSED |
||
| 100 | _aSedra A.S. | ||
| 245 | _aMicroelectronic Circuits | ||
| 250 | _a5th ed. | ||
| 260 |
_c2005 _bOxford University Press |
||
| 300 | _a1283 | ||
| 365 |
_cRs. _b399.00 |
||
| 700 |
_aSedra A.S. & Smith K.C. _9185253 |
||
| 906 |
_d25420/14.08.06 _cELECT _b79.8 |
||
| 999 |
_c314512 _d314512 |
||